000 00432nam a2200169Ia 4500
008 210719s2014 xx 000 0 und d
041 _aeng
082 _a891.468 RAKR
100 _aRAKNO
245 _aRakno smarak anko 75
260 _aMangluru
_bRakno Publications
_c2014
300 _a146
_bPB
365 _b25
_cRs
650 _aKonkani Literature
650 _aKonkani Miscellaneous
906 _a75 ; anko ; Rakno ; smarak
999 _c215744
_d215744